00937 2200337 4500001002100000005001500021035002000036007000300056082001400059084001600073100003300089245006600122650001200188700001700200264003600217336002100253337003000274338002300304008004100327020002200368040002200390090002000412090002100432300002500453500001100478850001200489041000800501504003400509250003500543990002100578INLIS00000000084519720190404011848 a0010-0419000056ta04223a297.4 a297.4 ZAP k0 aZaprulkhan,d1976 -epenulis10aKisah para kekasih Allah /cpenulis, Zaprulkhan; editor, Nurr 4aTasawuf0 aNurreeditor31aYogyakarta :bDIVA Press,c2019 2rdacontentateks 2rdamediaatanpa perantara 2rdacarrieravolume190401s2019 yoia g 1 ind d a978-602-391-685-6 aYOPDYOGbinderda aDEP 297.4 ZAP k aCB-D.11 2019-085 a336 halaman ;c21 cm aIndeks aYOPDYOG0 aind aBibliografi : halaman 317-320 aCetakan pertama, Februari 2019 aCB-D.11/2019-085